1000 Most Common Latin Words: 407-826 - Statistics

General Stats
  • This quiz has been taken 35 times
  • The average score is 55 of 500
Answer Stats
Hint Answer % Correct
adeō (adverb) to such a degree | so
73%
fēmina woman
70%
quandō when?
63%
ultimus farthest | final | last | ultimate
60%
animal a living being | an animal
57%
rārus wide apart | loose | thin
57%
antequam | prius before
53%
imāgō image | form | figure
53%
currō run
53%
spīritus breath | life | spirit
50%
temptō try | test
50%
faciēs form | appearance
47%
exīstimō think | believe
47%
scrībō write
47%
suprā (adverb and preposition +acc.) above | beyond
43%
falsus deceptive | false
43%
canis dog
43%
legō gather | choose | read
43%
quārē how? | why?
43%
similis like | similar
43%
soror sister
43%
sedeō sit
43%
validus strong
43%
- temple
43%
reor think | imagine | suppose | deem
43%
cōgitō think | reflect
43%
arbor tree
43%
exspectō watch | wait | expect
43%
niger black
40%
anima breath | spirit
40%
color color
40%
exemplum example | sample | copy
40%
- language
40%
somnus sleep | slumber
40%
trēs three
40%
uxor wife
40%
pulcher beautiful
37%
dēfendō defend | ward off
37%
lībertās freedom
37%
prōvincia province
37%
- repeat
37%
facilis easy
33%
hōra hour
33%
aequor level surface | sea | plain
33%
multitūdō multitude | number
33%
offerō present | offer | expose
33%
memoria recollection | memory
33%
dīversus different | diverse
30%
nōbilis distinguished | noble
30%
beātus happy | blessed | prosperous | fortunate
30%
quemadmodum in what manner | how
30%
virgō maiden | virgin | girl
30%
pecūnia money
30%
laudō praise
30%
laus praise | glory
30%
brevis short | shallow | brief
30%
pellō strike | beat | push | drive
30%
rogō ask
27%
rūrsus back | again
27%
vinculum bond | fetter |tie
27%
compōnō build | construct | arrange
27%
classis class | division | fleet
27%
facinus deed | crime
27%
regō guide | rule
27%
praeceptum rule | precept
27%
occupō seize | occupy
27%
spatium space
27%
vērus TRUE
27%
dubius (as subst.) a doubt
23%
orior arise | begin
23%
incipiō begin
23%
condō build | found
23%
praeter by | along | past;
23%
appellō call | address | name
23%
cupiō desire
23%
dīvidō divide | separate
23%
accidō fall
23%
timor fear
23%
pugnō fight
23%
dōnum gift | present
23%
culpa guilt | fault | blame
23%
dubitō hesitate | doubt
23%
dēserō leave | desert | abandon
23%
pūblicus public | belonging to the state
23%
amnis river | torrent
23%
prōmittō send forth | offer
23%
servus slave
23%
mox soon
23%
ibi there
23%
eō (adverb) there | to that place
23%
victōria victory
23%
vīnum vine | wine
23%
fateor admit | confess
20%
iterum (+ acc.) again
20%
respondeō answer
20%
varius changing | varied | various
20%
intrō enter
20%
invidia envy | jealousy | hatred
20%
sēnsus feeling | emotion | sense
20%
fluō flow
20%
porta gate
20%
marītus husband
20%
sors lot | fate | destiny
20%
forum market-place | forum
20%
necesse necessary
20%
senex old man | elder
20%
for report | say
20%
aiō say | affirm | say yes
20%
sonō sound |resound
20%
exerceō train | exercise | carry on
20%
experior try thoroughly | test | experience
20%
antīquus ancient | old-time | former
17%
īrātus -a -um angry
17%
circā (adverb and preposition. +acc.) around
17%
- battle
17%
praeda booty | prey
17%
regiō boundary | region
17%
cīvis citizen
17%
pergō continue | proceed
17%
umquam ever
17%
adversus (adverb and preposition) facing | opposite | against | opposed (to)
17%
- happen
17%
ōdī hate
17%
interficiō kill
17%
occīdō kill | cut down
17%
nūdus naked | bare
17%
nesciō not know | be ignorant
17%
centum one hundred
17%
ōrō pray
17%
precor pray | invoke
17%
reliquus remaining | rest
17%
surgō rise
17%
sānctus sacred | inviolable
17%
astrum star
17%
caedō strike | kill | cut down
17%
cēterus the other | the others | the rest
17%
lingua tongue
17%
ūsus use | experience
17%
sine dubiō without a doubt | certainly
17%
permittō yield | allow | permit
17%
potēns able | powerful
13%
ob (+acc.) against | on account of
13%
tergum back | rear
13%
- bad weather | storm
13%
- beauty
13%
decus beauty | grace
13%
absum be away | absent
13%
gīgnō beget | bear | bring forth
13%
īnferō bring upon | against
13%
vehō carry
13%
certē certainly | surely
13%
commūnis common | general
13%
deficiō fail | give out
13%
frōns forehead | brow
13%
barbarus foreigner | barbarian
13%
quondam formerly | once
13%
amīcitia friendship
13%
- front
13%
plēnus full
13%
saeculum generation | age | century
13%
humus ground
13%
sustineō hold up | sustain
13%
decet (+ acc. + infin.) it is right | proper | fitting
13%
iūdicō judge | decide
13%
careō (+abl) lack
13%
discō learn
13%
semel once
13%
potestās power
13%
praesēns present | in person |ready
13%
ēdō put forth | state | explain
13%
- rare | seldom
13%
iūstus right | just | fair
13%
maestus sad | sorrowful
13%
fingō shape
13%
tertius third
13%
mūrus wall
13%
vacō be empty | open | unoccupied
10%
valeō be strong | excel | be valid | prevail
10%
pecus cattle | sheep
10%
damnō condemn
10%
- dark | obscure
10%
factum deed | accomplishment
10%
pōscō demand | claim
10%
somnus (plural) dreams
10%
aeternus everlasting | eternal
10%
praestō excel | exhibit
10%
exsilium exile | banishment
10%
dēnique | tandem finally
10%
vestis garment | robe | clothing
10%
discēdō go away | depart
10%
odium hatred
10%
cor heart;
10%
quamquam however | although
10%
oportet (+ acc. + infin.) it is proper | right
10%
rēgius kingly | royal
10%
īnferus low
10%
misceō mix
10%
clāmor outcry | shout
10%
pretium price | worth | reward
10%
impōnō put in | put on | impose | levy upon
10%
furor rage | fury
10%
dīvitiae riches | wealth
10%
- senior | older
10%
ācer sharp | piercing
10%
ōrātiō speech | address
10%
gradus step | pace
10%
tribūnus tribune | [title of various Roman officials, as mīlitum, plēbis, aerāriī]
10%
intellegō understand
10%
candidus white | fair
10%
sapiēns wise
10%
- although
7%
optō choose | select
7%
dēscendō climb down | descend
7%
- command
7%
imperō command | control
7%
cōnsulō consult | plan
7%
cārus dear
7%
- death
7%
cernō discern | separate
7%
vacuus empty
7%
vetō forbid
7%
abeō go away
7%
māgnitūdō greatness | size
7%
noceō harm
7%
cornu horn
7%
statim immediately
7%
laedō injure by striking | hurt
7%
iūdicium judgment | decision | trial
7%
- lap | bay | gulf
7%
āmittō let go | send away
7%
littera letter
7%
spectō look at | consider
7%
mālō prefer
7%
supersum remain | survive
7%
meminī remember | recollect
7%
dīmittō send away
7%
aeger sick
7%
morbus sickness | disease
7%
rēctus straight | direct
7%
mēnsa table
7%
auferō take away
7%
moneō warn | advise
7%
hiems winter
7%
sapientia wisdom
7%
agree
3%
sinō allow | let go
3%
perveniō arrive | reach
3%
speciēs aspect | appearance
3%
conveniō assemble | meet;
3%
assent | say yes
3%
impetus attack
3%
male (adverb) badly
3%
propter (+acc) because of
3%
ecce behold!
3%
praeter (+ acc.) besides | except
3%
praetereā besides | moreover
3%
ultrā (adverb and preposition + acc.) beyond | further
3%
ārdeō blaze | glow
3%
caecus blind | unseeing
3%
īctus blow | stroke
3%
os bone
3%
rumpō break | rupture
3%
efficiō bring about | complete;
3%
queror complain of | lament
3%
contineō contain | restrain
3%
sermō conversation | discourse
3%
tenebrae darkness | the shadows
3%
gaudium delight | joy | pleasure
3%
repetō demand | exact
3%
contemnō despise | scorn | disdain
3%
perdō destroy
3%
dēcernō determine | decide
3%
dubius doubtful
3%
agitō drive
3%
pius dutiful | devoted | just | pious
3%
prior earlier | preceding
3%
reperiō find | find out
3%
vestīgium footstep | footprint | track
3%
recēns fresh | new
3%
praebeō furnish | supply | render
3%
praesidium garrison | protection
3%
aureus golden
3%
adeō go to
3%
subeō go under
3%
- grateful
3%
nemus grove | forest
3%
properō hasten | speed
3%
salūs health | safety
3%
- hide | conceal
3%
retineō hold back | keep
3%
quantum (adverb) how much? | how greatly | how much! | how greatly! | as much as
3%
augeō increase
3%
iungō join
3%
committō (+ dat.) join | entrust to
3%
dēsinō leave off | cease
3%
pateō lie open | extend
3%
membrum limb | member of the body
3%
respicio look back | regard | consider
3%
aspiciō look to or at | behold
3%
īnferior lower
3%
īnfimus or īmus lowest
3%
interim meanwhile
3%
sententia opinion | judgment
3%
ōrdō order | rank
3%
superbus overbearing | proud | haughty
3%
superō overcome | surpass | defeat
3%
libīdō passion | lust
3%
tempestas period of time | season
3%
arvum ploughed land | field
3%
vātēs poet | bard
3%
fundō pour | scatter
3%
profess | declare
3%
supplicium punishment | penalty
3%
gaudeō rejoice
3%
dīves (poet. dīs, dītis) rich
3%
- since
3%
quoniam since | seeing that
3%
tardus slow | sluggish | lingering
3%
tendō stretch | extend | direct (one’s steps or course)
3%
auxilium support | assistance;
3%
celer | citus swift
3%
sūmō take up
3%
tener tender
3%
terreō terrify | frighten
3%
pontus the open sea | the deep
3%
superī those above | the gods
3%
tangō touch
3%
contingō touch | be contiguous to
3%
oppidum town
3%
vehor vehī vectus sum travel | ride
3%
integer untouched | fresh | complete | whole
3%
moenia walls | fortifications
3%
cūrō (+ acc.) watch over | look after | care for
3%
fessus weary | tired
3%
pondus weight
3%
nōtus well-known
3%
māiōrēs ancestors
0%
nōbilis (as subst.) a nobleman or woman
0%
occupō (+ infinitive) anticipate | do a thing first
0%
accēdō approach
0%
probō approve | prove
0%
pretium operae a reward for trouble
0%
dolus artifice | device | trick
0%
cinis ashes | embers
0%
ut āiunt as they say
0%
aliquandō at some time | at length
0%
- attendant | follower
0%
auxilium (plural) auxiliary forces
0%
- awaken
0%
rīpa bank of a river
0%
- be eager
0%
- be evident or obvious
0%
dēsum be lacking
0%
- be superfluous (to)
0%
nōlō be unwilling
0%
praemium bounty | reward
0%
aura breeze
0%
afferō bring to
0%
lātus broad | wide
0%
forte by chance
0%
revocō call back | recall
0%
- call to mind | recollect
0%
careless
0%
dēferō carry away | report
0%
currus chariot
0%
arx citadel | castle
0%
cohors cohort | band | troop
0%
- collect
0%
cōnferō collect | bring to
0%
- come into one’s mind
0%
imperātor commander
0%
peccō commit a wrong | injure
0%
comes companion | comrade
0%
templum consecrated ground
0%
(+dat) consider the interests of
0%
- consist in | be composed of
0%
cōnstō (+ acc. and infin.) constat | it is established that
0%
- constellation
0%
- continuously
0%
probō (dat.) convince one
0%
aes copper | bronze
0%
- dead body
0%
fallō deceive
0%
moror delay
0%
- depressing
0%
nūmen divine will | deity
0%
exigō drive out
0%
studium eagerness | zeal
0%
aciēs edge
0%
cingō encircle | surround | gird
0%
- endure
0%
aequus equal
0%
cōnstituō establish | put together
0%
velut even as | just as
0%
licet even though
0%
adversus facing | opposed
0%
valē farewell!
0%
doleō feel pain or grief | grieve
0%
impleō fill in | fill up
0%
pūgna fist-fight
0%
fluctus flood | billow | surf
0%
flōs flower | bloom
0%
sinus fold of a garment
0%
ōlim formerly | at that time
0%
cēterum for the rest | in addition | however that may be
0%
ideō for this reason
0%
sēcūrus free from care | tranquil
0%
undique from all sides | on all sides
0%
ā tergō from the rear
0%
fūnus funeral
0%
colligō gather together | collect
0%
addō give to
0%
trānseō go across
0%
exeō go forth
0%
prōcēdō go forth | advance
0%
- grade rank
0%
īrāscor grow angry
0%
crēscō grow, increase
0%
custōs guardian
0%
honestus honorable
0%
quamvīs however you like
0%
sī quandō if ever
0%
nefās impiety | wickedness
0%
quīn (adverb) indeed | in fact
0%
quīppe (adverb) indeed | surely
0%
- inquire into
0%
intersum (+ gen.) interest | it is in the interest of
0%
frūstrā in vain
0%
- invent
0%
libet (+ dat. + infin.) it is pleasing
0%
cordī est (+ dat.) it is pleasing to
0%
sīcut just as
0%
caedēs killing | slaughter
0%
dēdūcō launch | lead away
0%
ōtium leisure
0%
lateō lie hidden | be hidden
0%
lēgātus lieutenant | envoy
0%
- line of battle
0%
littera (plural) literature
0%
bellum īnferre make war on
0%
nōndum not yet
0%
alō nourish
0%
probō (acc.) of a thing
0%
- official duty
0%
singulī one each
0%
humī on the ground
0%
- oracle
0%
auctor originator | founder
0%
- ornament | glory | honor
0%
aliter otherwise | differently
0%
bōs (gen. plural boum) ox
0%
committō perform, do
0%
grātus pleasant
0%
effundō pour out
0%
prex prayers | entreaties
0%
dōnō (+ acc. of person and abl. of thing) present with a gift
0%
efficiō (+ ut + subjunctive) render
0%
prohibeō restrain | keep away
0%
- revisit
0%
- revolt from
0%
occurrō run to meet
0%
spargō scatter
0%
pietās sense of duty | devotion | [esp. between parents and children]
0%
pudor sense of shame | modesty | propriety
0%
officium service | duty
0%
statuō set up | determine
0%
fōrma shape beauty
0%
quīn (conjunction) (+subjunctive) so that ... not
0%
parcō (+dat.) spare | be sparing of
0%
- splendid
0%
fōns spring | fountain
0%
- store up
0%
- summit
0%
citō swiftly
0%
intersum (+dat.) take part in | attend
0%
cōnsistō take position
0%
plēbs | vulgus the common people
0%
līmen threshold
0%
intersum to be between;
0%
metuō to fear | to dread
0%
spērō to hope
0%
nimius too much | excessive
0%
fax torch
0%
- unfavorable
0%
ingrātus unpleasant | disagreeable
0%
dōnec until
0%
ūsque up to
0%
crīmen verdict | accusation
0%
vagus wandering | shifting
0%
fleō weep
0%
sapiēns (as subst.) wise man, sage, philosopher
0%
intrā (+ acc.) within
0%
testis witness
0%
mīror (+ accusative) wonder at | marvel at
0%
concēdō yield | withdraw
0%
No matching quizzes found
Score Distribution
Percent of People with Each Score
Percentile by Number Answered
Your Score History
You have not taken this quiz